Top 8 napastników świata - Statystyki

Ogólne statystyki
  • Ten quiz został rozwiązany 4 527 razy
  • Średni wynik to 4 z 8
Statystyki odpowiedzi
Miejsca w rankingu Imię oraz nazwisko piłkarza % Poprawnych
2. Cristiano Ronaldo
96%
3. Leo Messi
90%
5. Neymar
58%
8. Karim Benzema
45%
6. Harry Kane
40%
1. Mohamed Salah
39%
4. Antoine Griezmann
16%
7. Edinson Cavani
15%
Nie znaleziono quizów pasujących do podanych kryteriów
Rozkład punktacji
Procent ludzi z każdym wynikiem
Percentyl według liczby udzielonych odpowiedzi
Twoja historia wyników
Nie rozwiązałeś tego quizu